La Exposición (Record no. 33290)

MARC details
000 -LEADER
campo de control de longitud fija 00603nam a2200169 i 4500
001 - NÚMERO DE CONTROL
campo de control 33290
003 - IDENTIFICADOR DE NÚMERO DE CONTROL
campo de control ES-MaACL
005 - FECHA Y HORA DE LA ÚLTIMA TRANSACCIÓN
campo de control 20230906154731.0
007 - CAMPO FIJO DE DESCRIPCIÓN FÍSICA--INFORMACIÓN GENERAL
campo de control de longitud fija t|
008 - DATOS DE LONGITUD FIJA--INFORMACIÓN GENERAL
campo de control de longitud fija 030201s1955 sp ||||1| spa d
100 1# - ENTRADA PRINCIPAL--NOMBRE DE PERSONA
Nombre de persona Berg, W. F.
9 (RLIN) 27915
245 13 - MENCIÓN DEL TÍTULO
Título La Exposición
Resto del título : los fundamentos de la técnica de la cámara fotográfica /
Mención de responsabilidad, etc. W. F. Berg ; traducción del inglés por Andrés Lamana Pola.
260 ## - PUBLICACIÓN, DISTRIBUCIÓN, ETC.
Lugar de publicación, distribución, etc. Barcelona :
Nombre del editor, distribuidor, etc. Omega,
Fecha de publicación, distribución, etc. [1955] (
Fabricante Casa Provincial de Caridad)
300 ## - DESCRIPCIÓN FÍSICA
Extensión 376 p., 16 lám. :
Otras características físicas il. ;
Dimensiones 23 cm.
700 1# - ENTRADA AGREGADA--NOMBRE PERSONAL
Nombre de persona Lamana Pola, Andrés.
9 (RLIN) 69762
852 ## - LOCALIZACIÓN
Ubicación ES-MaACL
Número de control de estantería C-10069
Sublocalización o colección R.37608
Holdings
Estatus retirado Estado de pérdida Estado de daño No para préstamo Biblioteca de origen Biblioteca actual Ubicación en estantería Fecha de adquisición Fuente de adquisición Total de préstamos Signatura topográfica completa Código de barras Visto por última vez Precio de reemplazo Tipo de ítem Koha
        Biblioteca del Ateneo de Madrid Biblioteca del Ateneo de Madrid Sala Palomar 17/01/2008     C-10069 1034613 23/02/2023 23/02/2023 Libro impreso